[Event "Cap d'Agde CCAS op"]
[Site "Cap d'Agde "]
[Date "2002.10.23"]
[Round "1"]
[White "Kharlov, Andrei"]
[Black "Miellet Bensan, Yves"]
[Result "1-0"]
[WhiteElo "2606"]
[BlackElo "2162"]
[PlyCount "69"]
[EventDate "2002.10.23"]
[EventType "tourn"]
[EventRounds "9"]
[EventCountry "FRA"]
[SourceTitle "EXT 2004"]
[Source "ChessBase"]
[SourceDate "2003.11.25"]
[SourceVersion "1"]
[SourceVersionDate "2003.11.25"]
[SourceQuality "1"]

1. d4 Nf6 2. c4 e6 3. Nc3 Bb4 4. Qc2 c5 5. dxc5 Bxc5 6. Nf3 d6 7. a3 a6 8. Bg5 Nbd7 9. e3 Qc7 10. Be2 Ba7 11. Rc1 b6 12. 0-0 Bb7 13. Rfd1 Rc8 14. Bf4 e5 15. Bg5 h6 16. Bxf6 Nxf6 17. Bd3 0-0 18. Bf5 Rcd8 19. Nd2 g6 20. Bh3 Kg7 21. e4 Bc8 22. Bxc8 Qxc8 23. Nd5 Nh5 24. Nf1 f5 25. exf5 gxf5 26. Ng3 Nxg3 27. hxg3 Rf7 28. Qe2 Qb7 29. Rc3 Rc8 30. Ne3 Rd8 31. Rcd3 f4 32. gxf4 exf4 33. Qg4+ Kh7 34. Rxd6 Rg8 35. Qh5 1-0

[Event "Nordic-ch"]
[Site "Bergen"]
[Date "2001.08.10"]
[Round "7"]
[White "Miellet Bensan, Yves"]
[Black "Mitkov, Nikola"]
[Result "0-1"]
[WhiteElo "2243"]
[BlackElo "2547"]
[PlyCount "52"]
[EventDate "2001.08.04"]
[EventType "swiss"]
[EventRounds "9"]
[EventCountry "NOR"]
[SourceTitle "CBM 083 Extra"]
[Source "ChessBase"]
[SourceDate "2001.09.11"]
[SourceVersion "1"]
[SourceVersionDate "2001.09.11"]
[SourceQuality "1"]

1. e4 e5 2. Nc3 Bc5 3. Bc4 Nf6 4. d3 0-0 5. f4 exf4 6. Bxf4 c6 7. Bb3 d5 8. d4 Bb4 9. e5 Ne4 10. Qf3 Qh4+ 11. g3 Qg4 12. Qxg4 Bxg4 13. h3 Be6 14. Nge2 a5 15. a3 Bxc3+ 16. Nxc3 Nxc3 17. bxc3 a4 18. Ba2 Nd7 19. Rb1 b5 20. Kd2 f6 21. exf6 Nxf6 22. Rbe1 Rae8 23. Kc1 Bf5 24. Be5 Ne4 25. g4 Bg6 26. h4 h6 0-1

[Event "Paris op"]
[Site "Paris"]
[Date "1998.??.??"]
[Round "1"]
[White "Miellet Bensan, Yves"]
[Black "Vigneron, Antoine"]
[Result "1-0"]
[WhiteElo "2175"]
[BlackElo "2030"]
[PlyCount "41"]
[EventDate "1998.07.??"]
[EventType "swiss"]
[EventRounds "9"]
[EventCountry "FRA"]
[SourceTitle "EXT 2000"]
[Source "ChessBase"]
[SourceDate "1999.11.16"]
[SourceVersion "1"]
[SourceVersionDate "1999.11.16"]
[SourceQuality "1"]

1. e4 e6 2. d4 d5 3. Nc3 Bb4 4. e5 c5 5. a3 Bxc3+ 6. bxc3 Ne7 7. Qg4 Kf8 8. h4 Qa5 9. Bd2 Qa4 10. Qd1 Nbc6 11. Nf3 cxd4 12. Bd3 b6 13. Qe2 Bb7 14. Ra2 dxc3 15. Bxc3 Ng6 16. g3 Qg4 17. h5 d4 18. hxg6 Ne7 19. Rxh7 Bxf3 20. Rxh8+ Ng8 21. Bb4+ 1-0

[Event "Pecs Suto op"]
[Site "Pecs"]
[Date "1997.??.??"]
[Round "?"]
[White "Miellet Bensan, Yves"]
[Black "Darazs, Zoltan"]
[Result "1/2-1/2"]
[WhiteElo "2125"]
[BlackElo "2240"]
[PlyCount "119"]
[EventDate "1997.??.??"]
[EventType "swiss"]
[EventRounds "9"]
[EventCountry "HUN"]
[SourceTitle "EXT 2004"]
[Source "ChessBase"]
[SourceDate "2003.11.25"]
[SourceVersion "1"]
[SourceVersionDate "2003.11.25"]
[SourceQuality "1"]

1. e4 c5 2. Nc3 Nc6 3. f4 d6 4. Nf3 g6 5. Bc4 e6 6. 0-0 Bg7 7. f5 Nf6 8. fxe6 Bxe6 9. Qe2 0-0 10. d3 d5 11. Bb3 h6 12. e5 Ng4 13. Bf4 c4 14. Ba4 Qb6+ 15. Kh1 Qxb2 16. Bxc6 Qxc3 17. Bxb7 Rab8 18. Rab1 g5 19. Bg3 cxd3 20. cxd3 Qc7 21. Ba6 Qa5 22. Rxb8 Rxb8 23. d4 Qa3 24. h3 Rb2 25. Qd3 Qxd3 26. Bxd3 Ne3 27. Rf2 Rb4 28. Rd2 Nf5 29. Be1 Ra4 30. Bf2 Ra3 31. Bc2 Rxa2 32. g4 Ra1+ 33. Kg2 Ne7 34. Bb3 Ra3 35. Rb2 Ng6 36. Ne1 Nf4+ 37. Kh2 h5 38. gxh5 Bxh3 39. Bg3 Be6 40. Bxf4 gxf4 41. Kg2 Ra1 42. Nd3 Bh6 43. Rf2 Bf5 44. Nxf4 Be4+ 45. Kh2 Rh1+ 46. Kg3 Bxf4+ 47. Kxf4 Rxh5 48. Ra2 Rh3 49. Bd1 Rd3 50. Bg4 Rxd4 51. Rxa7 Bg6+ 52. Kg5 Re4 53. Re7 Kf8 54. Rd7 d4 55. Bh3 Ke8 56. Rd5 Re3 57. Bf5 Bxf5 58. Kxf5 d3 59. Kf4 Rh3 60. Kg4 1/2-1/2

[Event "Budapest Spring op 13th"]
[Site "Budapest"]
[Date "1997.??.??"]
[Round "1"]
[White "Miellet Bensan, Yves"]
[Black "Zemerov, Vladimir"]
[Result "1/2-1/2"]
[WhiteElo "2125"]
[BlackElo "2385"]
[PlyCount "97"]
[EventDate "1997.03.??"]
[EventType "swiss"]
[EventRounds "9"]
[EventCountry "HUN"]
[SourceTitle "EXT 1998"]
[Source "ChessBase"]
[SourceDate "1997.11.17"]
[SourceVersion "1"]
[SourceVersionDate "1997.11.17"]
[SourceQuality "1"]

1. e4 c5 2. Nc3 Nc6 3. f4 e6 4. Nf3 a6 5. a4 d5 6. d3 Nf6 7. Bd2 b6 8. e5 Nd7 9. g3 Be7 10. Bg2 Bb7 11. 0-0 Qc7 12. Rb1 g6 13. Kh1 Rc8 14. Rc1 Ba8 15. Qe1 Nb4 16. Ne2 Bc6 17. Bxb4 cxb4 18. b3 Nc5 19. Ned4 Bd7 20. Qd2 Nb7 21. Rce1 Qc3 22. Qe3 Bc5 23. f5 gxf5 24. Qf4 Rg8 25. h3 Nd8 26. g4 Nc6 27. Nxc6 Rxc6 28. Re2 Be7 29. Nd4 Rc8 30. gxf5 Kd8 31. fxe6 Bxe6 32. Nxe6+ fxe6 33. Qh6 Kd7 34. Rf7 Rcf8 35. Qxh7 Rxf7 36. Qxg8 Qa1+ 37. Kh2 Rf5 38. Qb8 Bc5 39. Qb7+ Kd8 40. Qb8+ Kd7 41. Qb7+ Ke8 42. Qc8+ Ke7 43. Qc7+ Kf8 44. Qd8+ Kg7 45. Bf1 Bf2 46. Qe7+ Kh8 47. Qe8+ Kg7 48. Qe7+ Kh8 49. Qe8+ 1/2-1/2

[Event "Le Touquet op 11th"]
[Site "Le Touquet"]
[Date "1996.??.??"]
[Round "?"]
[White "Levin, Felix"]
[Black "Miellet Bensan, Yves"]
[Result "1-0"]
[WhiteElo "2480"]
[BlackElo "2120"]
[PlyCount "62"]
[EventDate "1996.10.??"]
[EventType "swiss"]
[EventRounds "9"]
[EventCountry "FRA"]
[SourceTitle "EXT 1999"]
[Source "ChessBase"]
[SourceDate "1998.11.16"]
[SourceVersion "1"]
[SourceVersionDate "1998.11.16"]
[SourceQuality "1"]

1. d4 Nf6 2. c4 e6 3. Nf3 b6 4. a3 Bb7 5. Nc3 Be7 6. d5 d6 7. g3 e5 8. Bg2 0-0 9. 0-0 a5 10. Rb1 Ne8 11. e4 Bc8 12. Nd2 f5 13. exf5 Bxf5 14. Be4 Qd7 15. Bxf5 Qxf5 16. Nde4 Nd7 17. b4 axb4 18. axb4 h6 19. Qd3 Kh8 20. f3 Qh5 21. Kg2 Ndf6 22. Nf2 Nh7 23. h4 Qf7 24. Bd2 Nef6 25. Nb5 Nh5 26. Ra1 Rxa1 27. Rxa1 Bf6 28. Ra7 Nxg3 29. Kxg3 Qh5 30. Kg2 Bxh4 31. Ng4 Bg5 1-0

[Event "Pecs Suto op 4th"]
[Site "Pecs"]
[Date "1996.??.??"]
[Round "?"]
[White "Miellet Bensan, Yves"]
[Black "Varga, Peter"]
[Result "0-1"]
[WhiteElo "2120"]
[BlackElo "2420"]
[PlyCount "40"]
[EventDate "1996.??.??"]
[EventType "swiss"]
[EventRounds "5"]
[EventCountry "HUN"]
[SourceTitle "EXT 2004"]
[Source "ChessBase"]
[SourceDate "2003.11.25"]
[SourceVersion "1"]
[SourceVersionDate "2003.11.25"]
[SourceQuality "1"]

1. e4 c5 2. Nc3 Nc6 3. f4 g6 4. Nf3 Bg7 5. Bc4 e6 6. f5 Nge7 7. fxe6 fxe6 8. d3 d5 9. Bb3 0-0 10. 0-0 h6 11. a3 g5 12. Bxg5 hxg5 13. Nxg5 Rxf1+ 14. Qxf1 Nf5 15. Nxe6 Bxe6 16. exf5 Bf7 17. Qf4 c4 18. dxc4 dxc4 19. Ne4 Qd4+ 20. Kh1 Re8 0-1